| 000 | 00553caa a22001692a 4500 | ||
|---|---|---|---|
| 001 | 005031 | ||
| 003 | AR-FADEU | ||
| 008 | 311216n########xxu####################dd | ||
| 092 |
_a401.931 _bC536 |
||
| 100 | _aFurrow, David | ||
| 245 | _aSocial and private speech at two years | ||
| 300 | _aPP. 206-215 | ||
| 500 | _aEn: Child language /ed. Margery B. Franklin. New York : Oxford University, 1988 | ||
| 546 | _aInglés | ||
| 942 | _cBDGR | ||
| 773 | 0 |
_010836 _99777 _a _b _dNew York _o02917 _tCHILD Language : a reader _w( AR-FADEU) 005014 _x _z0-19-504333-2 |
|
| 999 |
_c10853 _d10853 |
||